Star Wars female characters - Statistics

General Stats
  • This quiz has been taken 62 times
  • The average score is 8 of 11
Answer Stats
Hint Answer % Correct
Rebel Princess Leia
98%
Anakins padawan Ahsoka
96%
Queen of Naboo Padme
94%
Scavenger jedi Rey
92%
Luke’s aunt Beru
88%
Leader of the Rouge One mission Jyn
78%
First Order stormtrooper Captain Phasma
74%
A resistance maintenance worker Rose
64%
Mandelorian artist Sabine
58%
Girl from Kijimi Zorii
24%
A wise pirate queen Maz
12%
No matching quizzes found
Score Distribution
Percent of People with Each Score
Percentile by Number Answered
Your Score History
You have not taken this quiz